000 00614nam a2200217 i 4500
001 29393
003 ES-MaACL
005 20230906154028.0
007 t|
008 030121s1981 sp |||| | spa d
100 1 _aBallestero, Enrique.
_925030
245 1 3 _aEl balance
_b: una introducción a las finanzas /
_cEnrique Ballestero.
250 _a5ª ed.
260 _a[Madrid] :
_bAlianza,
_c1981.
300 _a159 p. ;
_c20 cm.
490 1 _aAlianza universidad ;
_v91
650 4 _aBalances.
_9168822
830 0 _aAlianza universidad ;
_v91
_9177276
852 _aES-MaACL
_jL-1671
999 _c29393
_d29393